书目信息 |
| 题名: |
多媒体数据库与网络应用
|
|
| 作者: | 汤庸 编著 | |
| 分册: | ||
| 出版信息: | 北京 人民邮电出版社 2000.03 |
|
| 页数: | 192页 | |
| 开本: | 16开 | |
| 丛书名: | ||
| 单 册: | ||
| 中图分类: | TP311.134.3 | |
| 科图分类: | ||
| 主题词: | 软件 | |
| 电子资源: | ||
| ISBN: | 7-115-08413-0 | |
| 000 | 00581nam0 2200193 45 | |
| 001 | 0011281052 | |
| 005 | 20001128104133.4 | |
| 010 | @a7-115-08413-0@d20.00元 | |
| 100 | @a20001128d2000 km y0chiy0120 ea | |
| 101 | 0 | @achi |
| 105 | @a z 000yy | |
| 200 | 1 | @a多媒体数据库与网络应用@ADuo Mei Ti Shu Ju Ku Yu Wang Luo Ying Yong@f汤庸等编著@FTang Yong Deng Bian Zhu |
| 210 | @a北京@c人民邮电出版社@d2000.03 | |
| 215 | @a192页@d16开 | |
| 606 | 0 | @a软件 |
| 690 | @aTP311.134.3@v3 | |
| 701 | 0 | @a汤庸@4编著 |
| 801 | @aCN@bPftUser@c20001128 | |
| 905 | @b506393-394@dTP311.134.3@eT.309@f2 | |
| 多媒体数据库与网络应用/汤庸等编著.-北京:人民邮电出版社,2000.03 |
| 192页;16开 |
| ISBN 7-115-08413-0:20.00元 |
| ● |
| 相关链接 |
|
|
|
正题名:多媒体数据库与网络应用
索取号:TP311.134.3/T.309
 
预约/预借
| 序号 | 登录号 | 条形码 | 馆藏地/架位号 | 状态 | 备注 |
| 1 | 506393 | 205063937 | 期刊室512/301自科库 41排1列2层/ [索取号:TP311.134.3/T.309] | 在馆 | |
| 2 | 506394 | 205063946 | 期刊室512/301自科库 41排1列2层/ [索取号:TP311.134.3/T.309] | 在馆 |